000 00567nam a2200181 a 4500
001 000021300
005 20200930011305.0
008 100903s1997 cl r 000 p spa d
040 _aDO-SdBNP
_bspa
_cBNPHU
082 _aC863.44
_bP127v
100 1 _aPáez Peñuela Alvaro,
_d1930-
_944512
245 1 0 _aEl verso y la prosa en el mundo de los animales /
_cAlvaro Páez Peñuela.
260 _aColombia :
_bSolar,
_c1997.
300 _a187, [5] p. ;
_c21 cm.
650 4 _aPoesía colombiana
_93742
650 4 _aLiteratura colombiana
_ySIGLO XX
_914409
049 _aBNGR
999 _c20800
_d20800